00440cam a2200169ua 4500001000400000008003900004020002200043040000900065082001300074245004500087250000900132260003900141300002200180653001400202653002600216700002800242161110325n ii |||gr||||Z||||||eng a978-81-7154-205-5 cMAIN a305.51221 aCaste and race in Indiacby G. S. Ghurye a5th. aBombay:bPopular prakashan,c2008. avi, 493p.:c26cm. aSociology aCaste system in India aGhurye, G. S.,eAuthor.